Nutrition: eating for good health/ (Record no. 154403)

MARC details
000 -LEADER
fixed length control field 00505nam a22001817a 4500
003 - CONTROL NUMBER IDENTIFIER
control field dpl
005 - DATE AND TIME OF LATEST TRANSACTION
control field 20180719130723.0
008 - FIXED-LENGTH DATA ELEMENTS--GENERAL INFORMATION
fixed length control field 180719b xxu||||| |||| 00| 0 eng d
020 ## - INTERNATIONAL STANDARD BOOK NUMBER
Terms of availability 0.00
035 ## - SYSTEM CONTROL NUMBER
System control number b-023921
040 ## - CATALOGING SOURCE
Original cataloging agency DPL
Language of cataloging EN
Transcribing agency 0
082 ## - DEWEY DECIMAL CLASSIFICATION NUMBER
Classification number NUT
245 ## - TITLE STATEMENT
Title Nutrition: eating for good health/
Statement of responsibility, etc Foreword by Mike Espy
260 ## - PUBLICATION, DISTRIBUTION, ETC. (IMPRINT)
Place of publication, distribution, etc Jaipur
Name of publisher, distributor, etc Surbhi Publications
Date of publication, distribution, etc N.A.
300 ## - PHYSICAL DESCRIPTION
Extent xiv; 273p.:
Other physical details ill;
Dimensions 21cm.
500 ## - GENERAL NOTE
General note includes appendix
942 ## - ADDED ENTRY ELEMENTS (KOHA)
Source of classification or shelving scheme Dewey Decimal Classification
Koha item type English Books
Classification part 613.28
Call number suffix NUT
Holdings
Withdrawn status Lost status Source of classification or shelving scheme Damaged status Not for loan Collection code Home library Current library Date acquired Source of acquisition Cost, normal purchase price Total Checkouts Full call number Barcode Date last seen Cost, replacement price Price effective from Koha item type
    Dewey Decimal Classification     Non-fiction Patel Nagar Patel Nagar 19/07/2018 BPPD/Pub 0.00   613.28 NUT b-023921 19/07/2018 0.00 19/07/2018 English Books

© Delhi Public Library
Hit Counter
free hit counter